00503 2200169 4500001002100000005001700021035002400038040001200062082001600074084002400090245009600114260002900210300003700239650002400276850001200300990002100312YOGYA00000000003387420170412102616.0 0010-081400000033592 aYOPDYOG a630.9598235 aDEP 630.9598235 Dam aDampak sosial budaya akibat menyempitnya lahan pertanian DIYc/ Naniek Kasniyah ... [et.al] aJakartabDepdikbudc1993 axvi, 192 Hlm.b: ilus.c; 25 cm. aLingkungan, Masalah aYOPDYOG aCB-D.11/1993-231